Vật lí thống kê Giáo trình vật lý Berkeley

Gespeichert in:
Bibliographische Detailangaben
1. Verfasser: F Rief
Format: Buch
Sprache:Undetermined
Veröffentlicht: Hà Nội ĐH và THCN 1982
Schlagworte:
Tags: Tag hinzufügen
Keine Tags, Fügen Sie den ersten Tag hinzu!
Thư viện lưu trữ: Trung tâm Học liệu Trường Đại học Cần Thơ
LEADER 00515nam a2200181Ia 4500
001 CTU_2166
008 210402s9999 xx 000 0 und d
082 |a 530.13 
082 |b R361/T5 
100 |a F Rief 
245 0 |a Vật lí thống kê 
245 0 |b Giáo trình vật lý Berkeley 
245 0 |c F Rief, Ngô Quốc Quýnh 
260 |a Hà Nội 
260 |b ĐH và THCN 
260 |c 1982 
650 |a statistical mechanics 
980 |a Trung tâm Học liệu Trường Đại học Cần Thơ